| 000 | 00416nam a2200157Ia 4500 | ||
|---|---|---|---|
| 008 | 231217s9999 xx 000 0 und d | ||
| 041 | _aEnglish | ||
| 082 | _a027.6 KOH | ||
| 100 | _aKohli, Mamta | ||
| 245 | 0 | _aBeyond the primer: A discussion on the RGF village library programme | |
| 250 | _a1st ed. | ||
| 260 |
_c1998 _bRajiv Gandhi Foundation |
||
| 300 | _a61 | ||
| 650 | _aLibrary,village | ||
| 942 | _cAA | ||
| 999 |
_c165966 _d165966 |
||